Trendtop v reklame 2002 [vychádza 10. apríla 2002 ako ročenka týždenníka o hospodárstve a podnikaní TREND 15/2002]
Gespeichert in:
| Format: | Buch |
|---|---|
| Sprache: | Slowakisch |
| Veröffentlicht: |
Bratislava
TREND Holding
2002
|
| Schlagworte: | |
| Tags: |
Keine Tags, Fügen Sie das erste Tag hinzu!
|
MARC
| LEADER | 00000nam a2200000 4500 | ||
|---|---|---|---|
| 001 | c134434 | ||
| 005 | 20230228071944.2 | ||
| 041 | 0 | |a slo | |
| 044 | |a SK | ||
| 245 | 1 | 0 | |a Trendtop v reklame 2002 |b [vychádza 10. apríla 2002 ako ročenka týždenníka o hospodárstve a podnikaní TREND 15/2002] |
| 264 | 1 | |a Bratislava |b TREND Holding |c 2002 | |
| 300 | |a 66 s. | ||
| 610 | 2 | 0 | |a reklama |
| 610 | 2 | 0 | |a propagácia |
| 610 | 2 | 0 | |a priemysel propagačný |
| 610 | 2 | 0 | |a agentúry |
| 610 | 2 | 0 | |a klienti |
| 610 | 2 | 0 | |a Slovensko |
| 610 | 2 | 0 | |a médiá |
| 610 | 2 | 0 | |a inzercia |
| 610 | 2 | 0 | |a tlač |
| 610 | 2 | 0 | |a rozhlas |
| 610 | 2 | 0 | |a televízia |
| 610 | 2 | 0 | |a internet |